00687nam a2200157 a 450000100100000000500170001000800410002704000250006808200170009311000520011024501350016226000360029730000170033350001050035071000740045500004787420250220104609.0181001s2014 dr r 000 0 spa d aDO-SdBNPbspacBNPHU axxxxbR426in1 aRepública Dominicana.bMinisterio de Defensa.10aInvestigaciones militares :bcompendio de monografías de la especialidad de Comando y Estado Mayor Naval, promociones 2013-2015. aSanto Domingo :bINSUDE,c2014. av. ;c23 cm. aEscuela de graduados de Comando y Estado Mayor conjunto ¨General de División Gregorio Luperón¨ 2aInstituto Superior para la Defensa General Juan Pablo Duarte y Díez